Langenau/Câmpulung Muscel

Titel: Langenau/Câmpulung Muscel / Thomas Schares
Verfasser:
In: Online-Lexikon zur Kultur und Geschichte der Deutschen im östlichen Europa, (2020)
alle Artikel anzeigen
Veröffentlicht: 2020
Umfang: Illustrationen
Format: Aufsatz
Sprache: Deutsch
Schlagworte:
Kein Bild verfügbar
X
alg: 47021379
001A    $03025:08-10-20 
001B    $01999:08-10-20 $t22:49:39.000 
001D    $03025:08-10-20 
001U    $0utf8 
001X    $00 
002@    $0Oou 
002C    $aText $btxt $2rdacontent 
002D    $aComputermedien $bc $2rdamedia 
002E    $aOnline-Ressource $bcr $2rdacarrier 
003@    $0470213795 
007A    $0470213795 $aHEB 
009Q    $uhttps://ome-lexikon.uni-oldenburg.de/p32403 $xH 
010@    $ager 
010E    $erda 
011@    $a2020 
021A    $aLangenau/Câmpulung Muscel $hThomas Schares 
028A    $BVerfasser $4aut $7 $8Schares, Thomas [Tnd] $9177152192 
031A    $j2020 
034M    $aIllustrationen 
039B    $aEnthalten in $8--Obvc--. Online-Lexikon zur Kultur und Geschichte der Deutschen im östlichen Europa. - Oldenburg : Carl-von-Ossietzky-Univ., 2014-. - Online-Ressource $x202000000000000999 $9352411643 
044K    $RJudeţ Argeş $#Cîmpulung $#Câmpulung-Muscel $#Langenau $#Stadt Langenau $#Hosszúmező $#Dalgopole $74619818-0 $8Câmpulung$gArgeş [Tg1] $909530603X 
045F    $a900.9439 $eDDC23BSB 
045F/01 $a900 
045F/03 $g439 
045F/03 $g498 
045R    $aGeschichte 1270-2011 
045T    $a8,1 $a7,41 

lok: 47021379 78

exp: 47021379 78 1 #EPN
201B/01 $008-10-20 $t14:51:06.000 
201C/01 $008-10-20 
201U/01 $0utf8 
203@/01 $0112474312X 
208@/01 $a08-10-20 $be 
209A/01 $a/ $f000 $x00 
209A/01 $ab*p $x01 
220C/01 $apgar 
244Z/01 $#Ungarn $#Ungarn $#Ungarische Räterepublik $#Königreich Ungarn $#Die @Länder der ungarischen Krone $#Transleithanien $#Magyarország $#Magyar Köztársaság $#Magyar Tanácsköztársaság $#Government of the Hungarian Republic $#Zemalja Ugarske Krune $#VNR $#Ungern $#Ungarische Republik $#Republik Ungarn $#Ungarische Volksrepublik $#Volksrepublik Ungarn $#Magyar Népköztársaság $#Hungary $#Hungarian Republic $#Hongrie $#Vengerskaja Narodnaja Respublika $#Hungarian People's Republic $#HPR Hungarian People's Republic $#République Populaire Hongroise $#Ungarische VR $#Republic of Hungary $#Vengrija $74078541-5 $8--Tgz--Ungarn $x01 $9085222712 
247C/01 $82080>Marburg/Lahn, Herder-Institut, Forschungsbibliothek, Bibliographieportal $9336309341
LEADER 00000caa a2200000 c 4500
001 470213795
003 DE-603
005 20201008224939.0
007 cr||||||||||||
008 201008s2020 xx |||| o| u00||u|ger c
035 |a (DE-599)HEB470213795 
040 |a DE-603  |b ger  |c DE-603  |d DE-603  |e rda 
041 |a ger 
082 0 4 |8 1\u  |a 900.9439  |q DE-101  |2 23/BSB 
084 |a 8,1  |a 7,41  |2 ssgn 
085 |8 1\u  |b 900 
085 |8 1\u  |z 2  |s 439 
085 |8 1\u  |z 2  |s 498 
100 1 |a Schares, Thomas  |e Verfasser  |4 aut  |0 (DE-603)177152192 
245 0 0 |a Langenau/Câmpulung Muscel  |c Thomas Schares 
264 0 |c 2020 
300 |b Illustrationen 
336 |a Text  |b txt  |2 rdacontent 
337 |a Computermedien  |b c  |2 rdamedia 
338 |a Online-Ressource  |b cr  |2 rdacarrier 
648 7 |a Geschichte 1270-2011  |2 gnd 
651 7 |a Câmpulung  |g Argeş  |0 (DE-588)4619818-0  |0 (DE-603)09530603X  |2 gnd 
773 0 8 |i Enthalten in  |t Online-Lexikon zur Kultur und Geschichte der Deutschen im östlichen Europa  |d Oldenburg : Carl-von-Ossietzky-Univ., 2014-  |h Online-Ressource  |g (2020)  |w (DE-603)352411643  |w (DE-600)2805406-4 
856 |u https://ome-lexikon.uni-oldenburg.de/p32403  |x Verlag 
924 1 |9 2080  |a (DE-603)112474312X  |b DE-2080  |c HES  |d d  |g /